01762nam a22003857a 4500003000400000005001700004008004100021040002200062082001900084100002300103245006100126260003700187300001900224490002300243505004200266505004100308505003800349505005300387505008600440505014400526505013700670505003800807505003000845505005000875505002800925505003700953505007200990650004101062650004701103650004501150650004401195650004701239650004501286651004501331OSt20230816095718.0220929b |||||||| |||| 00| 0 eng d cBiblioteca Lado V a704.943bR669f aRoca, Joseeeditor aFlorae una revista de FLORA ars+natura/b#1-FLORESTANIA/ bFLORA ars+naturac2017aColombia a164p.c17x22cm v2017a3x2462-9324 aLos Viajeros TorpesrNatalia Ginzburg aEstado de la naturalezatPedro Motta aLa mujer tortugarAna Maria Devis aDe dónde viene el paisaje?rJosé Luis Landet aDe ida y de vuelta: Artistas Viajeros en el Arte ColombianotCatalina Ruiz Díaz aSegunda Naturaleza: Gráficas y Abstracciones de lugartSegunda Naturaleza: Gráficas y Abstracciones de lugar El Periplo de una Imagen  aAmazonia ReporttAmazonia Report, 1976 Golpes en la cáscara/Golpes en la piel Entrevista a Jonier Marín Amazonia Report, 2016 aPsico-Geografias y Transhistorias aAnti-Aislamiento Creativo aVine, Vi y me vendírMaría Natalia Leubro aLo bonito es estar vivo aLas JoyitasgLuz Angela Lizarazo aMonumentos PrivadostMonumentos Privados Ladrón Roba a Ladrón  2Tesauro de Arte & ArquitecturaaARTE 2Tesauro de Arte & ArquitecturaaNATURALEZA 2Tesauro de Arte & ArquitecturaaANALISIS 2Tesauro de Arte & ArquitecturaaCRITICA 2Tesauro de Arte & ArquitecturaaLITERATURA 2Tesauro de Arte & ArquitecturaaECOLOGIA 2Tesauro de Arte & ArquitecturaaCOLOMBIA